000 00321nam a22001337a 4500
040 _cFIZZA ISHAQ
082 _a338.4762
_bDAN
100 _aMYERS, DANNY.
_d2017.
_986072
245 _aCONSTRUCTION ECONOMICS /
_cDANNY MYERS.
250 _a4th ED.
260 _aNEW YORK :
_c2017.
300 _a346 P. ;
942 _2ddc
_cBK
999 _c587228
_d587228